• 首页
  • 本馆介绍
  • 公告通知
  • 最新文献
  • 馆藏检索
  • 电子资源
  • 读者导购
  • 参考咨询
  • 我的图书馆
  • 登录
  • 详细信息显示
  • 放入我的书架
  • 预约/预借图书
  • 作者相关作品
  • 分类相关作品
  • 丛书相关作品
  • 出版社相关作品

书目信息

  • 表格格式
  • 工作单格式
  • 卡片格式
题名:
有机化学课堂演示实验
    
 
作者: ;成都工学院有机化学教研室 编
分册:  
出版信息: 北京   人民教育出版社  1978
页数: 46页
开本: 19cm
丛书名:
单 册:
中图分类: O62
科图分类:
主题词: 有机化学--实验--高等学校--教材
电子资源:
ISBN:
000 00757nam0 2200229 45
001 0178006207
005 20060925145307.54
010    @dCNY0.14
091    @a13012.0223
100    @a19950727d1978 em y0chiy0121 ea
101 0  @achi
102    @aCN@b110000
105    @ay z 000yy
200 10 @a有机化学课堂演示实验@Ayou ji hua xue ke tang yan shi shi yan@f成都工学院有机化学教研室编@Fcheng du gong xue yuan you ji hua xue jiao yan shi bian
210    @a北京@c人民教育出版社@d1978
215    @a46页@d19cm
300    @a高等学校试用教材
606    @a有机化学@x实验@x高等学校@x教材
690    @aO62@v4
711 02 @a成都工学院有机化学教研室@Acheng du gong xue yuan you ji hua xue jiao yan shi@4编
801  0 @aCN@bTSSF@c20060925
905    @a10447@dO62@e1
    
    有机化学课堂演示实验/成都工学院有机化学教研室编.-北京:人民教育出版社,1978
    46页;19cm
    高等学校试用教材
    
    ISBN :CNY0.14
    
●
相关链接 在E读中查询图书 在五车中查询图书 在当当中查询图书 在豆瓣中查询图书


正题名:有机化学课堂演示实验     索取号:O62/1         预约/预借

序号 登录号 条形码 馆藏地/架位号 状态 备注
1 0003644   000349876   密集书库/ [索取号:O62/1] 在馆    
2 0003645   000349867   密集书库/ [索取号:O62/1] 在馆    
3 0004198   202290154   密集书库/ [索取号:O62/1] 在馆    
4 0004199   202290109   密集书库/ [索取号:O62/1] 在馆    
5 0004201   202290573   密集书库/ [索取号:O62/1] 在馆    
6 0004202   000349858   密集书库/ [索取号:O62/1] 在馆    
7 0004206   202290118   密集书库/ [索取号:O62/1] 在馆    
8 0063643   000349885   密集书库/ [索取号:O62/1] 在馆    
9 0063646   202290145   密集书库/ [索取号:O62/1] 在馆    
10 0063647   202290564   密集书库/ [索取号:O62/1] 在馆    
11 0422775   204227755   密集书库/ [索取号:O62/1] 在馆    
12 0432094   204320948   密集书库/ [索取号:O62/1] 在馆    
13 0432095   204320957   密集书库/ [索取号:O62/1] 在馆    
14 0432096   204320966   密集书库/ [索取号:O62/1] 在馆    
15 0432097   204320975   密集书库/ [索取号:O62/1] 在馆    
16 0432098   204320984   密集书库/ [索取号:O62/1] 在馆    
17 0432099   204320993   密集书库/ [索取号:O62/1] 在馆    
18 0432100   204321000   密集书库/ [索取号:O62/1] 在馆    
19 0432404   204324043   密集书库/ [索取号:O62/1] 在馆    
20 0432784   204327843   密集书库/ [索取号:O62/1] 在馆    
21 0432843   204328432   密集书库/ [索取号:O62/1] 在馆    
22 0432844   204328441   密集书库/ [索取号:O62/1] 在馆    
23 0432845   204328450   密集书库/ [索取号:O62/1] 在馆    
24 0468666   204686660   密集书库/ [索取号:O62/1] 在馆    
唐山师范学院图书馆 欢迎您!
大连网信软件有限公司© 版权所有